<?xml version="1.0" encoding="UTF-8"?>
<marc:record xmlns:marc="http://www.loc.gov/MARC21/slim">
   <marc:leader>00000nam a2200000 a 4500</marc:leader>
   <marc:datafield ind1="0" ind2="0" tag="245">
      <marc:subfield code="a">Mamma Mia!, DVD</marc:subfield>
   </marc:datafield>
   <marc:datafield ind1=" " ind2="1" tag="264">
      <marc:subfield code="a">Stuttgart</marc:subfield>
      <marc:subfield code="b">Universal Pictures Video</marc:subfield>
      <marc:subfield code="c">2008</marc:subfield>
   </marc:datafield>
   <marc:datafield ind1="1" ind2=" " tag="520">
      <marc:subfield code="a">Das beschwingt-chaotische Film-Vergnügen!&lt;br&gt;Donna (Meryl Streep) führt auf einer griechischen Insel ein kleines Hotel, mit dem sie eigentlich schon genug zu tun hat. Doch die bevorstehende Hochzeit ihrer 20-jährigen Tochter Sophie (Amanda Seyfried), die sie alleine aufzog, bringt zusätzlichen Trubel. Sophie und ihr Auserwählter Sky (Dominic Cooper) fiebern dem großen Tag entgegen und freuen sich auf ein rauschendes Fest. Donna hat hierzu ihre beiden besten Freundinnen, mit denen sie früher die Pop-Band Donna and the Dynamos hatte, Rosie (Julie Walters) und Tanya (Christine Baranski) eingeladen.&lt;br&gt;&lt;br&gt;Es könnte alles perfekt sein, doch Sophie hat einen großen Wunsch: sie würde gerne wissen, wer eigentlich ihr Vater ist. Ihre Mutter hat dieses Geheimnis nie gelüftet. Zufällig entdeckt Sophie das Tagebuch ihrer Mutter, in dem sie einen Hinweis auf ihren möglichen Vater findet. Nur es kommen drei verschiedene Männer in Frage. Um endlich Klarheit zu bekommen, lädt sie kurzerhand alle drei Kandidaten heimlich auf die Insel ein.&lt;br&gt;&lt;br&gt;Als Sam (Pierce Brosnan), Harry (Colin Firth) und Bill (Stellan Skarsgaard) dann tatsächlich vor der Tür stehen, ist die Überraschung groß! Nun wird es sich entscheiden, wer Sophie zum Traualtar führen wird. Aber bis es soweit kommt, gibt es noch einige Überraschungen und Wendungen zu überstehen.</marc:subfield>
   </marc:datafield>
   <marc:datafield ind1=" " ind2=" " tag="041">
      <marc:subfield code="a">ger</marc:subfield>
   </marc:datafield>
   <marc:datafield ind1=" " ind2=" " tag="338">
      <marc:subfield code="a">Videodisk</marc:subfield>
   </marc:datafield>
   <marc:datafield ind1=" " ind2=" " tag="300">
      <marc:subfield code="a">1 DVD</marc:subfield>
   </marc:datafield>
</marc:record>
